000
00241nam a2200121Ia 4500
100
_a
Rajaraman
942
_c
BK
654
_a
Fortran
245
_a
Computer Programming in Fortran IV
260
_b
none
082
_a
1.6
546
_a
ENGLISH
999
_c
23606
_d
23606